Os 15 principais países afetados pela Covid-19 - 7 julho 2021 - Statistics

Estatísticas Gerais
  • Esse quiz foi jogado 7 vezes
  • A pontuação média é 11 de 27
Estatísticas das Respostas
país % Correto
Brasil
100%
Alemanha
86%
Estados Unidos
86%
Índia
86%
Argentina
71%
Espanha
71%
Itália
71%
México
71%
Rússia
71%
Colômbia
43%
França
43%
Irão
43%
Polônia
43%
Reino Unido
43%
Turquia
43%
Suécia
29%
Uruguai
29%
Bélgica
14%
Chéquia
14%
Eslovénia
14%
Estônia
14%
Panamá
14%
Bahrein
0%
Geórgia
0%
Israel
0%
Lituânia
0%
Países Baixos
0%
Nenhum quiz correspondente encontrado
Distribuição das Pontuações
Porcentagem de Pessoas com Cada Pontuação
Percentil de Números Respondidos
Sua Pontuação Histórica
Você não jogou esse quiz